=LDR 00000nam 2200000 4500 =001 INLIS000000000039597 =005 20130612145220 =008 ***********************************Ind** =035 ##$$0010-061300000039597 =041 ##$$a Ind =082 ##$$a 728.3 =090 ##$$a 728.3; Fac f.2 =100 ##$$a Johanna Erly Widyartanti =245 ##$$a facade Design =300 ##$$a 128 hlm, 20 cm =850 ##$$a NBPNMAT